000 00555nam a22001817a 4500
999 _c175657
_d175657
005 20200914120559.0
010 _aENG-128424
020 _c120.00
_a9789389604757
035 _aEN-111956
037 _bDBAD/PUB
082 _a881
100 _aXavier, V.L
245 _aPoetic Ripples in the Lands of Time/
_cby V L Xavier
260 _aChennai
_bBUUKS
_c2019
270 _aJVL Plaza, 4th Floor, 501, Anna Salai Teynampet,
_bChennai
_e600 018
_k044-4992727
_mhello@buuks.com
300 _a87p.
_c21cm(pbk)
942 _2ddc
_cEN
_h881
_mXAV